000
00297nam a2200109Ia 4500
008
230320s9999||||xx |||||||||||||| ||spa||
082
_a
868.3/S85
100
_a
Suarez De Figueroa, Cristobal
245
0
_a
El Pasajero; Advertencias Utilisimas A La Vida Humana
260
_b
AGUILAR
942
_8
0
_c
LIB
999
_c
35457
_d
35457